Coping with death and dying : (Record no. 119840)
[ view plain ]
| 000 -LEADER | |
|---|---|
| fixed length control field | 01015pam a2200289 a 4500 |
| 001 - CONTROL NUMBER | |
| control field | 3805738 |
| 003 - CONTROL NUMBER IDENTIFIER | |
| control field | ARRUPE |
| 005 - DATE AND TIME OF LATEST TRANSACTION | |
| control field | 20140131135315.0 |
| 008 - FIXED-LENGTH DATA ELEMENTS--GENERAL INFORMATION | |
| fixed length control field | 850822s1985 mdua b 100 0 eng |
| 010 ## - LIBRARY OF CONGRESS CONTROL NUMBER | |
| LC control number | 85020280 |
| 020 ## - INTERNATIONAL STANDARD BOOK NUMBER | |
| International Standard Book Number | 0819149845 (alk. paper) : |
| Terms of availability | $19.75 |
| 020 ## - INTERNATIONAL STANDARD BOOK NUMBER | |
| International Standard Book Number | 0819149853 (pbk. : alk. paper) : |
| Terms of availability | $8.75 |
| 040 ## - CATALOGING SOURCE | |
| Original cataloging agency | DLC |
| Transcribing agency | DLC |
| Modifying agency | DLC |
| 050 00 - LIBRARY OF CONGRESS CALL NUMBER | |
| Classification number | HQ1073 |
| Item number | .C67 1985 |
| 082 00 - DEWEY DECIMAL CLASSIFICATION NUMBER | |
| Classification number | 306.9 |
| Edition number | 19 |
| 300 ## - PHYSICAL DESCRIPTION | |
| Other physical details | ill. ; |
| Dimensions | 23 cm. |
| 245 00 - TITLE STATEMENT | |
| Title | Coping with death and dying : |
| Remainder of title | an interdisciplinary approach / |
| Statement of responsibility, etc | edited by John T. Chirban. |
| 260 ## - PUBLICATION, DISTRIBUTION, ETC. (IMPRINT) | |
| Place of publication, distribution, etc | Lanham, MD : |
| Name of publisher, distributor, etc | University Press of America, |
| Date of publication, distribution, etc | c1985. |
| 300 ## - PHYSICAL DESCRIPTION | |
| Extent | vi, 97 p. : |
| 504 ## - BIBLIOGRAPHY, ETC. NOTE | |
| Bibliography, etc | Includes bibliographical references. |
| 650 #0 - SUBJECT ADDED ENTRY--TOPICAL TERM | |
| Topical term or geographic name as entry element | Death |
| General subdivision | Congresses. |
| 9 (RLIN) | 7567 |
| 650 #0 - SUBJECT ADDED ENTRY--TOPICAL TERM | |
| Topical term or geographic name as entry element | Death |
| General subdivision | Psychological aspects |
| -- | Congresses. |
| 9 (RLIN) | 7568 |
| 650 #0 - SUBJECT ADDED ENTRY--TOPICAL TERM | |
| Topical term or geographic name as entry element | Death |
| General subdivision | Religious aspects |
| -- | Congresses. |
| 9 (RLIN) | 7569 |
| 650 #0 - SUBJECT ADDED ENTRY--TOPICAL TERM | |
| Topical term or geographic name as entry element | Terminal care |
| General subdivision | Congresses. |
| 9 (RLIN) | 7570 |
| 700 1# - ADDED ENTRY--PERSONAL NAME | |
| Personal name | Chirban, John T. |
| 9 (RLIN) | 7571 |
| 906 ## - LOCAL DATA ELEMENT F, LDF (RLIN) | |
| a | 7 |
| b | cbc |
| c | orignew |
| d | 1 |
| e | ocip |
| f | 19 |
| g | y-gencatlg |
| 942 ## - ADDED ENTRY ELEMENTS (KOHA) | |
| Source of classification or shelving scheme | Library of Congress Classification |
| Koha item type | Monograph ( Printed materials) |
| Withdrawn status | Lost status | Source of classification or shelving scheme | Damaged status | Not for loan | Collection code | Home library | Current library | Shelving location | Date acquired | Total Checkouts | Full call number | Barcode | Date last seen | Price effective from | Koha item type |
|---|---|---|---|---|---|---|---|---|---|---|---|---|---|---|---|
| Library of Congress Classification | Main Collection | ARRUPE LIBRARY | ARRUPE LIBRARY | Main Collection | 31/01/2014 | HQ1073 .C67 1985 | 46412039 | 09/05/2018 | 31/01/2014 | Monograph ( Printed materials) |